000 00819nam0a22002411 4500
001 rc\3189131
005 20250530092858.0
021 _aRU
_b77-23062
035 _a(NLR Aleph) 007338806
090 _a6087134
_c6087134
100 _a20120628d1975 |||y0rusy50 ca
101 0 _arus
102 _aRU
105 _aa z |||||
200 1 _aО произведениях живописи
_eУчеб. пособие
_fМ-во культуры РСФСР. Моск. гос. ин-т культуры. Фак. изобразит. искусства
210 _aМосква
_cБ. и.
_d[1975]
215 _a49 с., 23 л. ил.
_d21
700 1 _aГараева
_bР.В.
_gРаиса Владимировна
801 0 _aRU
_bNLR
_gpsbo
801 1 _aRU
_bELAR
_2rusmarc
852 _aNLR
_j77-6/2875
942 _cBOOK
980 _aNB